| 000 | 00698nam a2200253Ia 4500 | ||
|---|---|---|---|
| 003 | OSt | ||
| 005 | 20220926010936.0 | ||
| 006 | a|||||r|||| 00| 0 | ||
| 007 | ta | ||
| 008 | 220923b |||||||| |||| 00| 0 eng d | ||
| 020 | _a0023728213 | ||
| 037 | _cGeneral Book | ||
| 040 |
_aRTL _cRTL _beng |
||
| 041 |
_2eng _aeng |
||
| 082 | _aH, N6 | ||
| 100 |
_aTarbuck Edward J _9263361 |
||
| 245 | 0 | _aFoundations of earth science | |
| 260 |
_aNew Jersey _bPrentice Hall _c1996 |
||
| 300 |
_axiv,482p. _ccm. |
||
| 650 |
_aGeology _915465 |
||
| 700 |
_a Lutgens Frederick K _9263360 |
||
| 942 |
_hH, N6 _cGB _2CC |
||
| 999 |
_c618717 _d618717 |
||